| 000 | 00479nam a2200145 a 4500 | ||
|---|---|---|---|
| 001 | 5878 | ||
| 003 | CDMR | ||
| 005 | 20130220142514.0 | ||
| 008 | 130220s2004||||||||||||||||||||||||||||d | ||
| 040 |
_aCDMR _bcat _cCDMR |
||
| 245 | 0 | _aRecomanacions sobre el tractament de la violència de gènere als programes informatius i d'entreteniment en els mitjans de comunicació | |
| 260 |
_a[Barcelona] _bCol·legi de Periodistes de Catalunya _c[2004] |
||
| 300 |
_a20 p ; _c10 cm |
||
| 942 | _cMON | ||
| 999 |
_c5878 _d5878 |
||